Chemical modification of proteins : (Record no. 998)
[ view plain ]
| 000 -LEADER | |
|---|---|
| fixed length control field | 00788cam a2200217 p 4500 |
| 020 ## - INTERNATIONAL STANDARD BOOK NUMBER | |
| International Standard Book Number | 978-0720442113 |
| Terms of availability | fl 28.00 |
| 082 00 - DEWEY DECIMAL CLASSIFICATION NUMBER | |
| Classification number | 547.75 |
| 100 1# - MAIN ENTRY--PERSONAL NAME | |
| Author Name | Glazer, Alexander N. |
| 245 10 - TITLE STATEMENT | |
| Title | Chemical modification of proteins : |
| Subtitle | selected methods and analytical procedures / |
| 260 ## - PUBLICATION, DISTRIBUTION, ETC. | |
| Place of publication, distribution, etc. | Amsterdam : |
| Name of publisher, distributor, etc. | North-Holland Pub. Co. ; |
| Place of publication, distribution, etc. | New York : |
| Name of publisher, distributor, etc. | American Elsevier, |
| Date of publication, distribution, etc. | 1975. |
| 300 ## - PHYSICAL DESCRIPTION | |
| No of Pages | 205 p. ; |
| Dimensions | 20 cm. |
| 440 #0 - SERIES STATEMENT/ADDED ENTRY--TITLE | |
| Title | Laboratory techniques in biochemistry and molecular biology ; |
| 500 ## - GENERAL NOTE | |
| General note | "Pocket-edition." |
| 504 ## - BIBLIOGRAPHY, ETC. NOTE | |
| Bibliography, Index, etc. note | Bibliography: p. 189-199. |
| 650 #0 - SUBJECT ADDED ENTRY--TOPICAL TERM | |
| Subject | Proteins |
| 650 #0 - SUBJECT ADDED ENTRY--TOPICAL TERM | |
| Subject | Proteins |
| 906 ## - LOCAL DATA ELEMENT F, LDF (RLIN) | |
| a | 7 |
| b | cbc |
| c | orignew |
| d | 3 |
| e | opcn |
| f | 19 |
| g | y-gencatlg |
| 942 ## - ADDED ENTRY ELEMENTS (KOHA) | |
| Source of classification or shelving scheme | |
| Koha item type | Books |
| 952 ## - LOCATION AND ITEM INFORMATION (KOHA) | |
| -- | 2018-03-16 |
| Item status | Home library | Current library | Shelving location | Date acquired | Total Checkouts | Full call number | Barcode | Date last seen | Koha item type |
|---|---|---|---|---|---|---|---|---|---|
| Islamabad Medical and Dental College | Islamabad Medical and Dental College | Islamabad Medical and Dental College | 16/03/2018 | 547.75 GLA | 1158 | 16/03/2018 | Books |
